000 01471nam0a2200385 4500
001 RU\NLR\bibl\250774
005 20250620122802.0
010 _a5-89144-239-9
_97000
021 _aRU
_b2001-59119
_92878
035 _a(NLR Aleph) 000246585
090 _a1438030
_c1438030
100 _a20020320d2001 |||y0rusy50 ca
101 0 _arus
102 _aRU
105 _ay |||||||||
200 1 _aТематические зачеты по русскому языку
_e7 кл.
_fГ. М. Астахова, А. Б. Малюшкин
210 _aМ.
_cСфера
_d2001
215 _a51, [1] с.
_d21
300 _aНа обл. авт. не указаны
320 _aБиблиогр.: с. 51
606 0 _aРусский язык
_jМетодические пособия
_xЗнания
_xОценка
_xСредняя школа
_91533875
_3RU\NLR\auth\66969498
610 0 _aРусский язык - Самостоятельная работа учащихся
675 _a372.881.116.11.046.14
_v3
_zrus
686 _a14
_2rugasnti
686 _a74.268.1Рус
_2rubbk
686 _aЧ426.131(2)-28
700 1 _aАстахова
_bГ. М.
_gГалина Михайловна
_4070
701 1 _aМалюшкин
_bА. Б.
_gАлександр Борисович
_4070
801 0 _aRU
_bRKP
_c20020320
_gPSBO
801 1 _aRU
_bRKP
_c20020320
801 2 _aRU
_bNLR
_c20020522
_grcr
830 _aАвт. по кн.
942 _cBOOK
980 _aNB